National and regional guidelines for aggregates provision in England 2001-2016 (Record no. 102923)

MARC details
000 -LEADER
fixed length control field 01030cam a2200205 4500
001 - CONTROL NUMBER
control field J122771
008 - FIXED-LENGTH DATA ELEMENTS--GENERAL INFORMATION
fixed length control field 030625n2003 000 0 eng u
035 ## - SYSTEM CONTROL NUMBER
System control number (Sirsi) u122771
050 ## - LIBRARY OF CONGRESS CALL NUMBER
Classification number 338.276
-- 18
110 ## - MAIN ENTRY--CORPORATE NAME
Corporate name or jurisdiction name as entry element United Kingdom
Subordinate unit Office of the Deputy Prime Minister
245 ## - TITLE STATEMENT
Title National and regional guidelines for aggregates provision in England 2001-2016
260 ## - PUBLICATION, DISTRIBUTION, ETC.
Place of publication, distribution, etc. London
Name of publisher, distributor, etc. ODPM
Date of publication, distribution, etc. 2003
520 ## - SUMMARY, ETC.
Summary, etc. Sets out the revised national and regional guidelines for aggregates provision in England for the period 2001 to 2016 inclusive, indicates how the guidelines should be taken into account in the planning process, and outlines arrangements for future monitoring and review. View at www.dclg.gov.uk/.
650 ## - SUBJECT ADDED ENTRY--TOPICAL TERM
Topical term or geographic name entry element MINERALS PLANNING GUIDANCE NOTE SIX
650 ## - SUBJECT ADDED ENTRY--TOPICAL TERM
Topical term or geographic name entry element AGGREGATES
650 ## - SUBJECT ADDED ENTRY--TOPICAL TERM
Topical term or geographic name entry element MINERALS PLANNING
690 ## - LOCAL SUBJECT ADDED ENTRY--TOPICAL TERM (OCLC, RLIN)
Topical term or geographic name as entry element MINING AND MINERALS
856 ## - ELECTRONIC LOCATION AND ACCESS
Uniform Resource Identifier <a href="https://www.communities.gov.uk/publications/planningandbuilding/aggregatesprovisionletter">https://www.communities.gov.uk/publications/planningandbuilding/aggregatesprovisionletter</a>
Hours access method available View the guidelines online at www.communities.gov.uk.
942 ## - ADDED ENTRY ELEMENTS (KOHA)
Suppress in OPAC 0
Holdings
Withdrawn status Lost status Source of classification or shelving scheme Damaged status Not for loan Home library Current library Shelving location Date acquired Total Checkouts Full call number Barcode Date last seen Copy number Price effective from Koha item type
    Dewey Decimal Classification     Virtual Virtual Online 26/06/2003   ONLINE PUBLICATION 122771-1001 06/08/2019 1 06/08/2019 Book